ბათუმის შოთა რუსთაველის სახელმწიფო უნივერსიტეტის ბიბლიოთეკა

თზულებანი 4 ტომად. ტ.4. ლექსიკონი ქართული (ბიბ.ჩანაწერი № 43097)

000 -LEADER
fixed length control field 00902nam a2200229Ia 4500
001 - CONTROL NUMBER
control field 9818
003 - CONTROL NUMBER IDENTIFIER
control field GE_BSU
008 - FIXED-LENGTH DATA ELEMENTS--GENERAL INFORMATION
fixed length control field 181216s||||||||xx |||||||||||||| ||und||
040 ## - CATALOGING SOURCE
Transcribing agency GE_BSU
080 ## - UNIVERSAL DECIMAL CLASSIFICATION NUMBER
Universal Decimal Classification number 821.353.1(038)+82'374(038)=353.1
100 ## - MAIN ENTRY--PERSONAL NAME
Personal name ორბელიანი,სულხან–საბა
245 ## - TITLE STATEMENT
Title თზულებანი 4 ტომად. ტ.4. ლექსიკონი ქართული
245 ## - TITLE STATEMENT
Remainder of title ნაკვ.1
245 ## - TITLE STATEMENT
Statement of responsibility, etc. ავტოგრ. ნუსხების მიხედვით გამოსაც. მოამზ.ილია აბულაძემ
260 ## - PUBLICATION, DISTRIBUTION, ETC.
Place of publication, distribution, etc. თბილისი
260 ## - PUBLICATION, DISTRIBUTION, ETC.
Name of publisher, distributor, etc. საბჭოთა საქართველო
260 ## - PUBLICATION, DISTRIBUTION, ETC.
Date of publication, distribution, etc. 1965
300 ## - PHYSICAL DESCRIPTION
Extent 638გვ.22სმ.
653 ## - INDEX TERM--UNCONTROLLED
Uncontrolled term თზულებანი
653 ## - INDEX TERM--UNCONTROLLED
Uncontrolled term ლექსიკონი ქართული
942 ## - ADDED ENTRY ELEMENTS (KOHA)
Koha item type წიგნი
ეგზემპლარები
Withdrawn status Lost status Damaged status Not for loan Date acquired Barcode Date last seen Price effective from Koha item type
        2018-12-17 33182 2018-12-17 2018-12-17 წიგნი
        2018-12-17 33184 2018-12-17 2018-12-17 წიგნი
        2018-12-17 33185 2018-12-17 2018-12-17 წიგნი
        2018-12-17 33186 2018-12-17 2018-12-17 წიგნი
        2018-12-17 33183 2018-12-17 2018-12-17 წიგნი